[Event "London Classic Open 2015"]
[Site "London ENG"]
[Date "2015.12.08"]
[Round "6.38"]
[White "Bates, Caspar J"]
[Black "Paterek, Michal"]
[Result "0-1"]
[BlackTitle "FM"]
[WhiteElo "2154"]
[BlackElo "2293"]
[WhiteFideId "414760"]
[BlackFideId "1116142"]
[EventDate "2015.12.04"]

1. Nf3 d5 2. e3 Nf6 3. b3 g6 4. Bb2 Bg7 5. c4 c5 6. cxd5 O-O 7. Be2 Qxd5 8. Nc3
Qf5 9. d4 Nc6 10. Bd3 Qh5 11. Ne2 cxd4 12. Nexd4 Nb4 13. Be2 e5 14. Nc2 Nxc2+
15. Qxc2 e4 16. Nd4 Qg5 17. Kf1 Bd7 18. Qc7 b6 19. h4 Qa5 20. h5 Rfc8 21. Qg3 b5
22. hxg6 hxg6 23. Qh4 Qd2 24. Rb1 Bg4 25. f3 exf3 26. gxf3 Bh5 27. Kf2 Re8 28.
Qg5 Nh7 29. Qf4 g5 30. Qh2 Qxe3+ 31. Kf1 Bg6 32. Rd1 a6 33. Bc1 Qc3 34. Qd6 Rad8
35. Nxb5 axb5 36. Qxd8 Rxd8 37. Rxd8+ Bf8 38. Rd1 Bc5 39. Bd2 Qd4 40. Be1 Qe3 0-1

[Event "London Classic Open 2015"]
[Site "London ENG"]
[Date "2015.12.08"]
[Round "6.39"]
[White "Cederstam Barsk, Carl"]
[Black "Peiris, T G M"]
[Result "0-1"]
[WhiteTitle "FM"]
[WhiteElo "2291"]
[BlackElo "2099"]
[WhiteFideId "1713329"]
[BlackFideId "9901310"]
[EventDate "2015.12.04"]

1. d4 Nf6 2. c4 e6 3. Nc3 Bb4 4. Qc2 O-O 5. Nf3 c5 6. dxc5 Na6 7. g3 Nxc5 8. Bg2
b6 9. O-O Bb7 10. Bf4 Bxc3 11. Qxc3 d5 12. Rad1 Qe7 13. Qa3 Rfd8 14. cxd5 Bxd5
15. Rd4 Qb7 16. Rfd1 Re8 17. Bf1 Bxf3 18. exf3 e5 19. Bxe5 Rxe5 20. f4 Ree8 21.
Bg2 Qc8 22. Bxa8 Qxa8 23. b4 Ne6 24. Rd6 g6 25. Qd3 Kg7 26. Qc3 Rc8 27. Qa1 Rc2
28. R1d2 Rxd2 29. Rxd2 Qe4 30. Qb2 h5 31. Re2 Qd5 32. Rd2 Qf3 33. Qe5 h4 34. Qe3
Qg4 35. Qe5 h3 36. Rd3 Nf8 37. f3 Qc8 38. Qc3 Qe6 39. Qd2 b5 40. Kf2 Qb6+ 41.
Qe3 Qc7 42. Qc5 Qb7 43. Ra3 a6 44. Rc3 Qd7 45. Rc2 Qd1 46. Qc3 Ne6 47. Rd2 Qh1
48. Ke3 Qg1+ 49. Kd3 Qb1+ 50. Ke2 g5 51. Qb2 Qh1 52. f5 Qxh2+ 53. Kd3 Qxg3 54.
fxe6 Qxf3+ 55. Kc2 fxe6 56. a3 g4 57. Kc1 g3 58. Qe5 g2 59. Qg5+ Kf7 60. Rc2
Qxa3+ 61. Kb1 Qxb4+ 62. Ka2 Qa4+ 63. Kb2 Qd4+ 64. Ka2 Qd5+ 0-1

[Event "London Classic Open 2015"]
[Site "London ENG"]
[Date "2015.12.08"]
[Round "6.40"]
[White "Lam, Daniel King-wai"]
[Black "Chen, Pengyu"]
[Result "0-1"]
[BlackTitle "FM"]
[WhiteElo "2147"]
[BlackElo "2289"]
[WhiteFideId "6001238"]
[BlackFideId "3212092"]
[EventDate "2015.12.04"]

1. Nf3 Nf6 2. c4 e6 3. g3 d5 4. d4 dxc4 5. Bg2 Bb4+ 6. Bd2 a5 7. a3 Bxd2+ 8.
Nbxd2 b5 9. O-O O-O 10. a4 c6 11. Ne5 Ra6 12. Nxc6 Rxc6 13. Bxc6 Nxc6 14. axb5
Nxd4 15. Nxc4 Qd5 16. b3 e5 17. f3 Qc5 18. Kg2 Be6 19. Qd3 Qxb5 20. Nxa5 Qxd3
21. exd3 Nc2 0-1

[Event "London Classic Open 2015"]
[Site "London ENG"]
[Date "2015.12.08"]
[Round "6.42"]
[White "Haugli, Petter"]
[Black "Kalavannan, Koby"]
[Result "1-0"]
[WhiteTitle "IM"]
[WhiteElo "2260"]
[BlackElo "2088"]
[WhiteFideId "1500104"]
[BlackFideId "425753"]
[EventDate "2015.12.04"]

1. c4 Nf6 2. Nc3 g6 3. g3 Bg7 4. Bg2 O-O 5. Nf3 d6 6. O-O e5 7. d3 h6 8. Rb1 a5
9. a3 Qe8 10. e4 a4 11. h3 Bd7 12. d4 Bc6 13. Re1 Na6 14. Nd5 Nd7 15. Be3 exd4
16. Bxd4 Ne5 17. Nxe5 dxe5 18. Be3 Qe6 19. Rc1 b6 20. Kh2 Rad8 21. Qc2 Rd7 22.
h4 h5 23. Qe2 Qe8 24. Qf3 f6 25. Qe2 Rdf7 26. Red1 Bd7 27. c5 b5 28. Qc2 c6 29.
Nb6 Be6 30. Rd6 Nb8 31. Qd2 Rc7 32. Bh3 Bxh3 33. Kxh3 Qf7 34. Bh6 Re8 35. Bxg7
Kxg7 36. Rd1 Rce7 37. Qe3 Rc7 38. Kg2 Rce7 39. R1d3 Rc7 40. Qd2 Rce7 41. Rd8 Na6
42. Rxe8 Rxe8 43. Nc8 Qe6 44. Rd7+ Kg8 45. Ra7 Qxc8 46. Qh6 Nc7 47. Qxg6+ Kf8
48. Qxf6+ Kg8 49. Qg6+ Kf8 50. Qh7 1-0

[Event "London Classic Open 2015"]
[Site "London ENG"]
[Date "2015.12.08"]
[Round "6.43"]
[White "Roe, Simon J"]
[Black "Fraser-Mitchell, Jeremy N"]
[Result "1-0"]
[WhiteElo "2254"]
[BlackElo "2062"]
[WhiteFideId "401471"]
[BlackFideId "405000"]
[EventDate "2015.12.04"]

1. Nf3 f5 2. d3 d6 3. e4 e5 4. Nc3 Nf6 5. exf5 Bxf5 6. d4 Nbd7 7. Be2 Be7 8.
dxe5 Nxe5 9. Nd4 Bd7 10. O-O O-O 11. f4 Nf7 12. f5 c6 13. Kh1 d5 14. Bf4 Nd6 15.
Qd3 Qc8 16. Bg5 Nf7 17. Bh4 Ne5 18. Qh3 Qc7 19. Rae1 Rae8 20. Ne6 Bxe6 21. fxe6
b5 22. Bg3 Bd6 23. Bxb5 d4 24. Bxe5 dxc3 25. Bxd6 Qxd6 26. Bc4 Nd5 27. Rxf8+
Rxf8 28. bxc3 g6 29. Qd3 Re8 30. Qe4 Re7 31. h3 Nxc3 32. Qf3 Qd4 33. Rf1 Qg7 34.
Qxc6 1-0

[Event "London Classic Open 2015"]
[Site "London ENG"]
[Date "2015.12.08"]
[Round "6.44"]
[White "Riedener, Toni"]
[Black "Ronka, Erik"]
[Result "0-1"]
[WhiteElo "2005"]
[BlackElo "2248"]
[WhiteFideId "1302698"]
[BlackFideId "505080"]
[EventDate "2015.12.04"]

1. d4 Nf6 2. c4 g6 3. Nc3 Bg7 4. e4 d6 5. Be2 O-O 6. Bg5 Na6 7. Qd2 e5 8. d5 Nc5
9. f3 a5 10. h4 c6 11. h5 cxd5 12. cxd5 Bd7 13. g4 a4 14. Bh6 Rb8 15. Bxg7 Kxg7
16. hxg6 fxg6 17. Qh6+ Kg8 18. g5 Nh5 19. f4 Rxf4 20. Bxh5 gxh5 21. Rxh5 Qe7 22.
Nge2 Rg4 23. O-O-O Be8 24. Rh4 Qxg5+ 25. Qxg5+ Rxg5 26. Rf1 b5 27. Rf6 b4 28.
Nd1 Rg2 29. Ne3 Rxe2 30. Nf5 Re1+ 31. Kc2 b3+ 32. axb3 axb3+ 0-1

[Event "London Classic Open 2015"]
[Site "London ENG"]
[Date "2015.12.08"]
[Round "6.45"]
[White "Bukojemski, Adam"]
[Black "Rocco, Federico"]
[Result "1-0"]
[WhiteElo "2243"]
[BlackElo "1855"]
[WhiteFideId "1114620"]
[BlackFideId "431362"]
[EventDate "2015.12.04"]

1. e4 c5 2. Nf3 d6 3. Bb5+ Bd7 4. Bxd7+ Qxd7 5. O-O Nf6 6. Qe2 Nc6 7. c3 Qg4 8.
Re1 e6 9. h3 Qh5 10. d4 d5 11. exd5 Nxd5 12. c4 Nde7 13. d5 exd5 14. cxd5 Qxd5
15. Nc3 Qf5 16. g4 Qd7 17. Bf4 O-O-O 18. Rad1 Qe6 19. Qc2 Qc4 20. Re4 Nd4 21.
Nxd4 cxd4 22. Rexd4 Rxd4 23. Rxd4 Qc5 24. b4 Qc6 25. Nb5 1-0

[Event "London Classic Open 2015"]
[Site "London ENG"]
[Date "2015.12.08"]
[Round "6.46"]
[White "Grigoryan, Meri"]
[Black "Lokander, Martin"]
[Result "0-1"]
[WhiteTitle "WFM"]
[BlackTitle "FM"]
[WhiteElo "1983"]
[BlackElo "2367"]
[WhiteFideId "13300571"]
[BlackFideId "1709569"]
[EventDate "2015.12.04"]

1. d4 g6 2. c4 Bg7 3. Nc3 c5 4. d5 d6 5. e4 e6 6. Bf4 Bxc3+ 7. bxc3 e5 8. Be3
Kf8 9. Bd3 Kg7 10. Qc1 f5 11. Bg5 Qe8 12. exf5 gxf5 13. f3 h6 14. Bh4 Nd7 15.
Ne2 Qh5 16. Bd8 f4 17. Bc7 Ngf6 18. Bxd6 Kf7 19. O-O Rg8 20. Rf2 Ne8 21. Nxf4
Qg5 22. h4 Qxh4 23. Ng6 Rxg6 24. Bxg6+ Kxg6 25. Qc2+ Kg7 26. Bxe5+ Nxe5 27. Re1
Qf6 28. Qe4 Nd6 29. Qxe5 Qxe5 30. Rxe5 Bf5 31. g4 Bd3 32. Re6 Rd8 33. Rh2 Bxc4
34. Rhxh6 Nf7 35. Rhg6+ Kf8 36. f4 Bxd5 37. Re2 Bc4 38. Rb2 b6 39. Kf2 Nd6 40.
Kf3 Bd5+ 41. Ke2 Nc4 42. Rb3 Be4 43. f5 Bc2 44. Rb5 Bd3+ 45. Ke1 Re8+ 46. Kf2
Ne5 47. Rbxb6 axb6 48. Rxb6 Nxg4+ 49. Kf3 Bxf5 50. Kf4 Be6 51. a4 Ke7 0-1

[Event "London Classic Open 2015"]
[Site "London ENG"]
[Date "2015.12.08"]
[Round "6.47"]
[White "Radovanovic, Jovica"]
[Black "Kalaiyalahan, Akshaya"]
[Result "1/2-1/2"]
[WhiteTitle "FM"]
[WhiteElo "2321"]
[BlackElo "2157"]
[WhiteFideId "915912"]
[BlackFideId "422894"]
[EventDate "2015.12.04"]

1. e4 c5 2. Nf3 Nc6 3. c3 d5 4. exd5 Qxd5 5. d4 Bf5 6. Be3 cxd4 7. cxd4 Bxb1 8.
Rxb1 e6 9. a3 Nf6 10. Be2 Bd6 11. O-O O-O 12. Qd3 Rfd8 13. Rfd1 Rac8 14. b4 h6
15. Rbc1 Ne7 16. Nd2 Bb8 17. Bf3 Qd7 18. g3 Ned5 19. Nb3 b6 20. Nd2 Ne7 21. Ne4
Nfd5 22. Kg2 Nf5 23. Nc3 Nfxe3+ 24. fxe3 Nxc3 25. Rxc3 Rxc3 26. Qxc3 Rc8 27. Qd3
Qc7 28. d5 Qc2+ 29. Qxc2 Rxc2+ 30. Kh3 exd5 31. Rxd5 Rc8 32. Rd7 g6 33. Bd5 Rf8
34. Kg2 Kg7 35. Rb7 Kf6 36. Bxf7 Bxg3 37. Rxa7 Be5 38. Bd5 Rd8 39. e4 Kg5 40.
Re7 Bd4 41. Rc7 Rf8 42. Rc2 Kf4 43. a4 Rf6 44. Bc6 Ke3 45. Bb7 Rf7 46. Bd5 Ra7
47. Ra2 Bc3 48. b5 Kd4 49. Kf3 Kc5 50. Ke3 Kb4 51. Kd3 Be5 1/2-1/2

[Event "London Classic Open 2015"]
[Site "London ENG"]
[Date "2015.12.08"]
[Round "6.48"]
[White "Vanheirzeele, Daniel"]
[Black "Liu, Yi"]
[Result "1/2-1/2"]
[BlackTitle "FM"]
[WhiteElo "2138"]
[BlackElo "2306"]
[WhiteFideId "200425"]
[BlackFideId "3210588"]
[EventDate "2015.12.04"]

1. d4 d5 2. c4 e6 3. Nf3 c6 4. Qc2 Nf6 5. Nbd2 Nbd7 6. g3 b6 7. Bg2 Bb7 8. O-O
Be7 9. Rd1 O-O 10. e4 c5 11. exd5 exd5 12. dxc5 Nxc5 13. Nb3 Qc8 14. Be3 Ne6 15.
Rac1 dxc4 16. Qxc4 Qxc4 17. Rxc4 Rfd8 18. Rxd8+ Rxd8 19. Nfd4 Bxg2 20. Kxg2 Nd5
21. Nxe6 fxe6 22. Bd4 Kf7 23. a4 Rd7 24. a5 b5 25. Rc8 Nb4 26. Bc5 Nd3 27. Bxe7
Kxe7 28. Nc5 Nxc5 29. Rxc5 a6 30. Rc6 Rd6 31. Rc7+ Kf6 32. Kf3 Rd3+ 33. Ke2 Rb3
34. Rc6 Rxb2+ 35. Ke3 Ra2 1/2-1/2

[Event "London Classic Open 2015"]
[Site "London ENG"]
[Date "2015.12.08"]
[Round "6.49"]
[White "Merriman, John"]
[Black "Moran, Stephen"]
[Result "1/2-1/2"]
[WhiteElo "2253"]
[BlackElo "2127"]
[WhiteFideId "402362"]
[BlackFideId "2501872"]
[EventDate "2015.12.04"]

1. d4 Nf6 2. c4 g6 3. f3 d5 4. cxd5 Nxd5 5. e4 Nb6 6. Nc3 Bg7 7. Be3 O-O 8. Qd2
e5 9. d5 c6 10. O-O-O cxd5 11. exd5 Bd7 12. h4 Qc7 13. Bh6 Nxd5 14. Ne2 Nb4 15.
Bxg7 Nxa2+ 16. Kb1 Nxc3+ 17. Nxc3 Bf5+ 18. Kc1 Kxg7 19. g4 Be6 20. h5 Nc6 21.
hxg6 fxg6 22. Qh6+ Kg8 23. Rd6 Nd4 24. Bc4 Rae8 25. Bxe6+ Rxe6 26. Rxe6 Nxe6 27.
Kb1 Rxf3 28. Nd5 Qf7 29. Rc1 Nf8 30. Rc7 Rf1+ 31. Kc2 Rf2+ 32. Kb1 Rf1+ 33. Kc2
Qf2+ 34. Kb3 Qf3+ 35. Ne3 Qf6 36. Nd5 Qf3+ 37. Ne3 Qf6 38. Nd5 Rf3+ 39. Kc2 Rf2+
40. Kb1 Rf1+ 41. Kc2 Rf2+ 1/2-1/2

[Event "London Classic Open 2015"]
[Site "London ENG"]
[Date "2015.12.08"]
[Round "6.50"]
[White "Therrien, Alex L"]
[Black "Salimbeni, George P W"]
[Result "1/2-1/2"]
[WhiteTitle "FM"]
[WhiteElo "2252"]
[BlackElo "2107"]
[WhiteFideId "412856"]
[BlackFideId "404080"]
[EventDate "2015.12.04"]

1. d4 Nf6 2. c4 g6 3. g3 Bg7 4. Bg2 d5 5. cxd5 Nxd5 6. Nf3 O-O 7. O-O Nb6 8. Nc3
Nc6 9. e3 Re8 10. h3 e5 11. d5 Ne7 12. e4 Nc4 13. Qc2 Nd6 14. Be3 f5 15. Ng5
fxe4 16. g4 Bd7 17. Ncxe4 Qc8 18. Nc5 b6 19. Nxd7 Qxd7 20. Ne6 Rac8 21. f4 e4
22. Nxg7 Kxg7 23. Rad1 Rcd8 24. Bd4+ Kf7 25. Be5 Qb5 26. Qf2 Nxd5 27. Qh4 Kg8
28. Rxd5 Qxd5 29. Qf6 Rxe5 30. fxe5 Nc4 31. e6 Qc5+ 32. Kh1 Rf8 33. e7 Rxf6 34.
e8=Q+ Qf8 35. Qxf8+ Rxf8 36. Re1 Nd6 37. Bxe4 Rf2 38. Bd5+ Kf8 39. b4 Rd2 40.
Bb3 Rd4 41. Rc1 Rxb4 42. Rxc7 h5 43. gxh5 gxh5 44. Rxa7 b5 45. Rh7 h4 46. Kg2
Nc4 47. Kf2 Nd2 48. Bd5 Ne4+ 49. Ke3 Nc3 50. Bb3 Re4+ 51. Kf3 Rd4 52. Rf7+ Ke8
53. Ke3 Re4+ 54. Kd3 b4 55. Rf3 Re2 56. a3 bxa3 57. Kxc3 a2 58. Rf1 Re3+ 59. Kb4
Rxh3 60. Bxa2 Ke7 61. Kc5 Ra3 62. Rf7+ Ke8 63. Bc4 Ra5+ 64. Kd6 Ra6+ 65. Ke5 Rh6
66. Rf2 Ke7 67. Rf7+ Ke8 68. Be6 h3 69. Kd6 h2 70. Rg7 Rh8 71. Rc7 Kf8 1/2-1/2

[Event "London Classic Open 2015"]
[Site "London ENG"]
[Date "2015.12.08"]
[Round "6.51"]
[White "Cordes, Hans-Joerg"]
[Black "Serntedakis, Athanasios"]
[Result "1-0"]
[WhiteTitle "FM"]
[WhiteElo "2250"]
[BlackElo "2091"]
[WhiteFideId "4602234"]
[BlackFideId "4239423"]
[EventDate "2015.12.04"]

1. d4 Nf6 2. c4 e6 3. Nc3 Bb4 4. Qc2 O-O 5. a3 Bxc3+ 6. Qxc3 d5 7. e3 b6 8. Nf3
Bb7 9. b3 Nbd7 10. Bb2 dxc4 11. bxc4 c5 12. Be2 Ne4 13. Qb3 Ng5 14. d5 exd5 15.
cxd5 Re8 16. O-O Nxf3+ 17. Bxf3 Ne5 18. e4 f5 19. Bh5 g6 20. f4 Nd7 21. exf5 Nf6
22. fxg6 hxg6 23. Bxg6 Re2 24. Bxf6 Qxf6 25. Bh5 Qd4+ 26. Kh1 Rxg2 27. Rg1 Bxd5
28. Rxg2+ Kh8 29. Qd1 Qe4 30. Qe2 Rg8 31. Qxe4 Bxe4 32. Rg1 c4 33. h3 c3 34. Bg4
Rf8 35. f5 Rc8 36. Kh2 Bxg2 37. Kxg2 c2 38. Rc1 Rc3 39. Kf2 Kg7 40. Ke2 Kf6 41.
Kd2 Rxa3 42. Rxc2 1-0

[Event "London Classic Open 2015"]
[Site "London ENG"]
[Date "2015.12.08"]
[Round "6.52"]
[White "Asenov, Pavel"]
[Black "Prosviriakov, Vladimir"]
[Result "0-1"]
[BlackTitle "IM"]
[WhiteElo "2098"]
[BlackElo "2232"]
[WhiteFideId "433705"]
[BlackFideId "2004860"]
[EventDate "2015.12.04"]

1. d4 d6 2. e4 Nf6 3. f3 d5 4. e5 Nfd7 5. f4 c5 6. c3 e6 7. Nf3 Qb6 8. Na3 cxd4
9. cxd4 Bxa3 10. bxa3 Nc6 11. Qd3 Na5 12. Rb1 Qc6 13. Be2 Nc4 14. O-O g6 15. Kh1
Ndb6 16. f5 exf5 17. Bg5 Be6 18. Nd2 Rc8 19. Rfc1 h6 20. Bf6 Rg8 21. Nb3 Rc7 22.
Qh3 Kd7 23. Nc5+ Kc8 24. Qxh6 Nd7 25. Nxd7 Qxd7 26. Rc3 Kb8 27. Rcb3 Rgc8 28.
Bh4 Qa4 29. Bxc4 dxc4 30. Rc3 Qa5 31. Be1 Qd5 32. Qe3 Rh8 33. Rcc1 Rcc8 34. Bb4
Rh4 35. Kg1 Rxd4 36. Bd6+ Ka8 37. Rb5 Qxb5 38. Qxd4 c3 39. Bb4 c2 40. Qd2 Qc4
41. Bd6 Qxa2 42. h3 Qc4 43. Kh2 Qe4 44. Qf2 Bd5 45. Qd2 Qc4 46. Bb4 Be4 47. Bd6
Qc3 48. Qf2 g5 49. Kg1 g4 50. h4 g3 51. Qe2 Qd4+ 52. Kh1 Rh8 53. Be7 Bd3 0-1

[Event "London Classic Open 2015"]
[Site "London ENG"]
[Date "2015.12.08"]
[Round "6.53"]
[White "Compton, Alistair"]
[Black "Rozycki, Bartlomiej"]
[Result "1-0"]
[WhiteElo "2061"]
[BlackElo "2231"]
[WhiteFideId "4300645"]
[BlackFideId "1106996"]
[EventDate "2015.12.04"]

1. e4 e6 2. d4 d5 3. e5 c5 4. c3 Qb6 5. Nf3 Nc6 6. Bd3 Bd7 7. O-O cxd4 8. cxd4
Nxd4 9. Nxd4 Qxd4 10. Qe2 Ne7 11. Nd2 Nc6 12. Nf3 Qa4 13. b3 Qa5 14. a3 Bc5 15.
Bb2 Qb6 16. b4 Nd4 17. Bxd4 Bxd4 18. Rac1 Ke7 19. Qd2 f6 20. exf6+ Bxf6 21. Rfe1
Qd6 22. Ng5 Be5 23. Nf3 Bf4 24. Qb2 Kf7 25. Rcd1 Rae8 26. g3 Bh6 27. Ne5+ Ke7
28. Qd4 Bg5 29. Nxd7 Kxd7 30. Bb5+ 1-0

[Event "London Classic Open 2015"]
[Site "London ENG"]
[Date "2015.12.08"]
[Round "6.54"]
[White "Harley, Andrew D"]
[Black "Jameson, David"]
[Result "1/2-1/2"]
[WhiteTitle "FM"]
[WhiteElo "2226"]
[BlackElo "2088"]
[WhiteFideId "401390"]
[BlackFideId "1801538"]
[EventDate "2015.12.04"]

1. e4 e5 2. Nf3 Nc6 3. Bb5 a6 4. Ba4 Nf6 5. O-O Nxe4 6. d4 b5 7. Bb3 d5 8. dxe5
Be6 9. Nbd2 Nc5 10. c3 d4 11. Bxe6 Nxe6 12. cxd4 Ncxd4 13. a4 Be7 14. Nxd4 Nxd4
15. axb5 axb5 16. Rxa8 Qxa8 17. Qg4 Ne6 18. f4 Qd5 19. Nf3 h5 20. Qh3 Qd3 21. g3
Bc5+ 22. Kh1 O-O 23. Qg2 Rd8 24. Nd2 Be3 25. Ne4 Bxc1 26. Rxc1 Rd4 27. Re1 1/2-1/2

[Event "London Classic Open 2015"]
[Site "London ENG"]
[Date "2015.12.08"]
[Round "6.55"]
[White "Kugler, Florian"]
[Black "Van De Perre, Tom"]
[Result "1/2-1/2"]
[WhiteElo "2213"]
[BlackElo "2042"]
[WhiteFideId "4633300"]
[BlackFideId "209040"]
[EventDate "2015.12.04"]

1. Nf3 d5 2. g3 c6 3. Bg2 Bg4 4. d4 Nf6 5. Ne5 Bf5 6. c4 e6 7. Nc3 Nbd7 8. O-O
Be7 9. h3 h6 10. cxd5 exd5 11. f4 Qc7 12. g4 Bh7 13. e3 Nxe5 14. fxe5 Nd7 15.
Ne2 Nf8 16. Bd2 Qd7 17. Bc3 Ne6 18. Rc1 O-O 19. Ng3 f6 20. exf6 Rxf6 21. Nf5
Bxf5 22. Rxf5 Ng5 23. Qd3 Raf8 24. Rcf1 Rxf5 25. Rxf5 Rxf5 26. gxf5 Bf6 27. Be1
Nf7 28. Bf2 Nd6 29. e4 dxe4 30. Bxe4 Nxe4 31. Qxe4 Kf7 32. b3 Qd5 33. Qg4 a5 34.
Qg6+ Kf8 35. Qg4 b5 36. Qf4 Kg8 37. Qe3 Kf7 38. Qf4 a4 39. bxa4 bxa4 40. Qc7+
Kg8 41. Qc8+ Kh7 42. Qe8 Qxf5 43. Qxc6 Qb1+ 44. Kg2 Qxa2 45. Qe4+ Kg8 46. Qa8+
Kf7 47. Qb7+ Ke6 48. Qc6+ Kf5 49. Qf3+ Ke6 50. Qc6+ Kf7 51. d5 a3 52. Qe6+ Kg6
53. Qe4+ Kf7 54. Qe6+ 1/2-1/2

[Event "London Classic Open 2015"]
[Site "London ENG"]
[Date "2015.12.08"]
[Round "6.56"]
[White "Guthrie, David"]
[Black "De Coverly, Roger D"]
[Result "1-0"]
[WhiteElo "2198"]
[BlackElo "2037"]
[WhiteFideId "4300505"]
[BlackFideId "405213"]
[EventDate "2015.12.04"]

1. d4 Nf6 2. c4 g6 3. Nc3 Bg7 4. e4 d6 5. Nf3 O-O 6. Be2 e5 7. O-O exd4 8. Nxd4
Re8 9. f3 Nc6 10. Be3 Nh5 11. Qd2 Nxd4 12. Bxd4 Nf4 13. Rfd1 Bxd4+ 14. Qxd4
Nxe2+ 15. Nxe2 b6 16. Nc3 Bb7 17. Rac1 Qg5 18. Nd5 Bxd5 19. cxd5 Re7 20. Qd2 Qh5
21. Qf4 Rf8 22. Qf6 Qe5 23. Qxe5 dxe5 24. Kf2 f5 25. Ke3 fxe4 26. fxe4 Rf4 27.
Rd2 Rff7 28. b4 Rd7 29. b5 Kf8 30. Rc4 Ke8 31. Ra4 Rf1 32. Rxa7 Rb1 33. a4 Rb3+
34. Rd3 Rb2 35. Rc3 Rxg2 36. Rcxc7 Rxc7 37. Rxc7 Rxh2 38. Rb7 Rh3+ 39. Ke2 Ra3
40. Rxb6 Rxa4 41. Ke3 Rb4 42. Rb7 h5 43. Rg7 Rb3+ 44. Kf2 Rb2+ 45. Kg3 Rb3+ 46.
Kh4 Rb4 47. Kg5 Rxe4 48. b6 Rb4 49. b7 Kd8 50. Kf6 e4 51. Ke6 e3 52. d6 Re4+ 53.
Kd5 Rb4 54. b8=Q+ 1-0

[Event "London Classic Open 2015"]
[Site "London ENG"]
[Date "2015.12.08"]
[Round "6.57"]
[White "Bullen, Alex"]
[Black "Juknis, Paulius"]
[Result "1/2-1/2"]
[WhiteElo "2026"]
[BlackElo "2192"]
[WhiteFideId "1801627"]
[BlackFideId "12802247"]
[EventDate "2015.12.04"]

1. e4 e6 2. d4 d5 3. Nc3 Nc6 4. e5 f6 5. Bb5 Bd7 6. Nf3 Qe7 7. O-O Qf7 8. Re1
O-O-O 9. Be3 Nge7 10. a4 a6 11. Bd3 Nf5 12. Na2 g5 13. exf6 Nxe3 14. Rxe3 Qxf6
15. c3 Bd6 16. b4 g4 17. b5 gxf3 18. bxc6 Bxc6 19. Rxf3 Qh4 20. Rh3 Qf6 21. Rf3
Qh4 22. Rh3 Qe7 23. Qe2 a5 24. Bb5 Qd7 25. Bxc6 Qxc6 26. Nc1 Rde8 27. Nb3 b6 28.
Qa6+ Kd7 29. Qd3 Re7 30. Nd2 h6 1/2-1/2

[Event "London Classic Open 2015"]
[Site "London ENG"]
[Date "2015.12.08"]
[Round "6.58"]
[White "Motycakova, Monika"]
[Black "Feldman, Antony"]
[Result "1-0"]
[WhiteTitle "WFM"]
[WhiteElo "2185"]
[BlackElo "2024"]
[WhiteFideId "14909626"]
[BlackFideId "2804565"]
[EventDate "2015.12.04"]

1. e4 c5 2. Nf3 e6 3. d4 cxd4 4. Nxd4 a6 5. Nc3 Qc7 6. Be2 b5 7. O-O Bb7 8. Re1
Nc6 9. Nxc6 dxc6 10. e5 Ne7 11. Bd3 Ng6 12. Qh5 Bb4 13. Bxg6 Bxc3 14. bxc3 fxg6
15. Qg4 Qf7 16. Ba3 c5 17. Bxc5 Rc8 18. Qd4 Qd7 19. Bd6 Rc4 20. Qe3 Kf7 21. Rad1
Rhc8 22. f3 Bd5 23. Rxd5 Rxc3 24. Qf4+ Kg8 25. Rd2 Qa7+ 26. Kh1 R3c4 27. Re4 g5
28. Rxc4 1-0

[Event "London Classic Open 2015"]
[Site "London ENG"]
[Date "2015.12.08"]
[Round "6.59"]
[White "Staples, Daniel J"]
[Black "Foo, Zhi Rong Benjamin"]
[Result "0-1"]
[WhiteElo "1994"]
[BlackElo "2183"]
[WhiteFideId "417211"]
[BlackFideId "5801664"]
[EventDate "2015.12.04"]

1. d4 Nf6 2. Nf3 g6 3. e3 Bg7 4. Be2 O-O 5. O-O d6 6. c4 Nbd7 7. Nc3 e5 8. b4 a5
9. b5 Re8 10. a4 c5 11. bxc6 bxc6 12. Ba3 e4 13. Nd2 Nf8 14. Rb1 Ra7 15. Qc2 Bf5
16. Qb3 Qd7 17. Qb6 Rea8 18. d5 c5 19. Qb5 Qe7 20. Qb3 N8d7 21. Qc2 Ne5 22. Nb5
Rd7 23. Bb2 Nf3+ 24. gxf3 exf3 25. Bd3 Nxd5 0-1

[Event "London Classic Open 2015"]
[Site "London ENG"]
[Date "2015.12.08"]
[Round "6.60"]
[White "Roque Sola, Jose Luis"]
[Black "Marzano, Carlo"]
[Result "0-1"]
[WhiteTitle "CM"]
[WhiteElo "1992"]
[BlackElo "2177"]
[WhiteFideId "5120390"]
[BlackFideId "802980"]
[EventDate "2015.12.04"]

1. e4 d6 2. d4 Nf6 3. Nc3 e5 4. Nf3 Nbd7 5. Bc4 Be7 6. O-O O-O 7. Be3 c6 8. a4
Nxe4 9. Bxf7+ Rxf7 10. Nxe4 exd4 11. Nxd4 Ne5 12. Qe2 d5 13. Ng3 Nc4 14. b3 Nxe3
15. fxe3 Bf6 16. Rad1 c5 17. Nf3 Be6 18. Ne4 Qe7 19. Nxf6+ Rxf6 20. Qd3 Re8 21.
Rfe1 Rg6 22. e4 d4 23. b4 b6 24. bxc5 bxc5 25. c3 dxc3 26. Qxc3 Rc8 27. e5 Qb7
28. Rd6 c4 29. Red1 Rf8 30. Kh1 Qb3 31. Qa5 Rxg2 32. Rd8 Qxf3 33. Rxf8+ Kxf8 0-1

[Event "London Classic Open 2015"]
[Site "London ENG"]
[Date "2015.12.08"]
[Round "6.61"]
[White "Coleman, David J"]
[Black "Niccoli, Tony"]
[Result "1/2-1/2"]
[WhiteTitle "CM"]
[WhiteElo "2176"]
[BlackElo "2009"]
[WhiteFideId "402087"]
[BlackFideId "432946"]
[EventDate "2015.12.04"]

1. e4 e5 2. Nf3 Nc6 3. d4 exd4 4. Bc4 Bc5 5. c3 Nf6 6. cxd4 Bb4+ 7. Bd2 Nxe4 8.
Bxb4 Nxb4 9. Qb3 Qe7 10. O-O d5 11. Be2 O-O 12. Re1 Qd6 13. a3 Nc6 14. Nc3 Be6
15. Rad1 Nxc3 16. Qxc3 Rfe8 17. Rc1 Bd7 18. b4 a6 19. Bd3 Rac8 1/2-1/2

[Event "London Classic Open 2015"]
[Site "London ENG"]
[Date "2015.12.08"]
[Round "6.62"]
[White "Roque Sola, Gisela"]
[Black "Haribalu, V."]
[Result "0-1"]
[WhiteTitle "WFM"]
[WhiteElo "1983"]
[BlackElo "2174"]
[WhiteFideId "5120241"]
[BlackFideId "5015189"]
[EventDate "2015.12.04"]

1. c4 c6 2. Nf3 d5 3. d4 Nf6 4. g3 Bf5 5. Bg2 e6 6. O-O Nbd7 7. b3 h6 8. Ba3
Bxa3 9. Nxa3 O-O 10. Nc2 Ne4 11. Ne3 Bh7 12. Ng4 Qa5 13. Qe1 Qb6 14. Qc1 Rac8
15. Qe3 dxc4 16. bxc4 c5 17. d5 Rfe8 18. Qf4 exd5 19. cxd5 Nc3 20. Kh1 Nxd5 21.
Qc4 Qe6 22. Rad1 N7b6 0-1